Transactions of the American Institute of Chemical Engineers. (Record no. 76520)
[ view plain ]
| 000 -LEADER | |
|---|---|
| fixed length control field | 02180cas a2200529 a 4500 |
| 001 - CONTROL NUMBER | |
| control field | 76520 |
| 003 - CONTROL NUMBER IDENTIFIER | |
| rucl marc code | BD-RjUL |
| 005 - DATE AND TIME OF LATEST TRANSACTION | |
| control field | 20211209082844.0 |
| 008 - FIXED-LENGTH DATA ELEMENTS--GENERAL INFORMATION | |
| fixed length control field | 191215d1927 nyuax 1 a0eng c |
| 035 ## - SYSTEM CONTROL NUMBER | |
| System control number | (BD-RjUL)76743 |
| 040 ## - CATALOGING SOURCE | |
| Original cataloging agency | MUL |
| Language of cataloging | eng |
| Transcribing agency | MUL |
| Modifying agency | NSD |
| -- | IUL |
| -- | DLC |
| -- | OCL |
| -- | DLC |
| -- | NSD |
| -- | OCL |
| 041 ## - LANGUAGE CODE | |
| Language code of text/sound track or separate title | eng |
| 042 ## - AUTHENTICATION CODE | |
| Authentication code | pcc |
| -- | nsdp |
| 082 10 - DEWEY DECIMAL CLASSIFICATION NUMBER | |
| Classification number | 660.922 |
| Edition number | 11 |
| Author mark and year | AME 1927 |
| 110 2# - MAIN ENTRY--CORPORATE NAME | |
| Corporate name or jurisdiction name as entry element | American Institute of Chemical Engineers. |
| 9 (RLIN) | 236488 |
| 245 10 - TITLE STATEMENT | |
| Title | Transactions of the American Institute of Chemical Engineers. |
| 246 30 - VARYING FORM OF TITLE | |
| Title proper/short title | Transactions of American Institute of Chemical Engineers |
| Date or sequential designation | Mar. 1935-Oct.-Dec. 1946 |
| 260 ## - PUBLICATION, DISTRIBUTION, ETC. (IMPRINT) | |
| Place of publication, distribution, etc. | Newyork : |
| Name of publisher, distributor, etc. | D. Van Nostrand co. |
| -- | 1927 |
| 300 ## - PHYSICAL DESCRIPTION | |
| Pagination | V : |
| Illustrations | illustrations ; |
| Size | 24 cm |
| 336 ## - CONTENT TYPE | |
| Content type term | text |
| Content type code | txt |
| Source | rdacontent |
| 337 ## - MEDIA TYPE | |
| Media type term | unmediated |
| Media type code | n |
| Source | rdamedia |
| 338 ## - CARRIER TYPE | |
| Carrier type term | volume |
| Carrier type code | nc |
| Source | rdacarrier |
| 500 ## - GENERAL NOTE | |
| General note | Some issues have title: Transactions of American Institute of Chemical Engineers. |
| 505 ## - FORMATTED CONTENTS NOTE | |
| Formatted contents note | Vol. 21.-- |
| 600 ## - SUBJECT ADDED ENTRY--PERSONAL NAME | |
| Personal name | Chemical engineers |
| 650 #0 - SUBJECT ADDED ENTRY--TOPICAL TERM | |
| Topical term or geographic name as entry element | Chemistry, Technical |
| Form subdivision | Periodicals. |
| 9 (RLIN) | 236490 |
| Topical term or geographic name as entry element | Chemical engineering |
| Form subdivision | Periodicals. |
| 9 (RLIN) | 236491 |
| Topical term or geographic name as entry element | Chemical engineering. |
| Source of heading or term | fast |
| Authority record control number | (OCoLC)fst00852893 |
| 9 (RLIN) | 236492 |
| Topical term or geographic name as entry element | Chemistry, Technical. |
| Source of heading or term | fast |
| Authority record control number | (OCoLC)fst00853546 |
| 9 (RLIN) | 236493 |
| 770 0# - SUPPLEMENT/SPECIAL ISSUE ENTRY | |
| Title | Bulletin (American Institute of Chemical Engineers) |
| Related parts | Feb. 1910-Dec. 1944? |
| Record control number | (OCoLC)11418251 |
| 776 08 - ADDITIONAL PHYSICAL FORM ENTRY | |
| Relationship information | Online version: |
| Main entry heading | American Institute of Chemical Engineers. |
| Title | Transactions of the American Institute of Chemical Engineers |
| Record control number | (OCoLC)616708807 |
| 785 00 - SUCCEEDING ENTRY | |
| Title | Chemical engineering progress |
| International Standard Serial Number | 0360-7275 |
| Record control number | (DLC) 09027589 |
| -- | (OCoLC)1929453 |
| 906 ## - LOCAL DATA ELEMENT F, LDF (RLIN) | |
| a | 7 |
| b | cbc |
| c | serials |
| d | 2 |
| e | ncip |
| f | 19 |
| g | n-oclcserc |
| 942 ## - ADDED ENTRY ELEMENTS (KOHA) | |
| Source of classification or shelving scheme | Dewey Decimal Classification |
| Koha item type | Books |
| Lost status | Source of classification or shelving scheme | Damaged status | Not for loan | Collection code | Permanent Location | Current Location | Shelving location | Date acquired | Total Checkouts | Full call number | Date last seen | Copy number | Koha item type |
|---|---|---|---|---|---|---|---|---|---|---|---|---|---|
| Dewey Decimal Classification | Not For Loan | Non-fiction | Central Library, University of Rajshahi | Central Library, University of Rajshahi | Reading Room | 15/12/2019 | 660.922 AME 1927 V-XIX | 15/12/2019 | C-1 | Books |